|
|
|
|
| LEADER |
00000nam a22000007a 4500 |
| 005 |
20130117151022.0 |
| 007 |
cr|||| |||| |
| 008 |
130117e2010 bl |||||s|||| 00||0 por d |
| 020 |
|
|
|a 978-8588576872
|
| 035 |
|
|
|a 6900
|
| 040 |
|
|
|a vLex
|
| 090 |
|
|
|c 3528
|d 3528
|
| 100 |
1 |
0 |
|a Queiroz, Jos ̌Fleur̕
|
| 245 |
1 |
0 |
|a Cd̤igo de Direito Natural Espr̕ita
|h [Recurso electrn̤ico]
|
| 256 |
|
|
|a Servicio en ln̕ea
|
| 260 |
|
|
|a Sô Paulo :
|b Editoria mundo jurd̕ico,
|c 2010
|
| 300 |
|
|
|a 1 Recurso electrn̤ico
|
| 650 |
0 |
4 |
|a Derecho natural
|
| 650 |
0 |
4 |
|a Teora̕ General del Derecho
|
| 740 |
|
|
|a vLex Libros (Servicio en ln̕ea)
|
| 856 |
|
|
|a Acceso restringido
|u http://www.vlex.com/source/6900
|
| 942 |
|
|
|c BOOK
|
| 999 |
|
0 |
|a Natural law
|